00285 a2200121 4500001000700000020000600007040001100013100003200024240004700056245004200103362000900145440000900154176588 a  cMagnum aRehfeld, Cremilda de Araujo10aO burrinho generoso e outras estoriaslpor10aO burrinho generoso e outras estorias0 a1899 1aLemi